000 00567cac a22001931u 4500
090 _c5354
008 081113t 2003xxu||||| |||| 00| 0 eng d
010 _a008385805
020 _a0750658347 (pbk)
082 _a657
_bOWE
245 _aAccounting for business studies /
_cAneirin Sion Owen.
260 _aAmsterdam ; Oxford :
_bElsevier Butterworth-Heinemann,
_c2003.
260 _bDistributer:Al-Ahram
300 _aix, 430 p. :
_bill. ;
_c27 cm.
500 _aFormerly CIP. Uk
504 _aIncludes index.
650 _aAccounting.
942 _cBB
_k657 OWE
_2ddc
999 _c5354
_d5354